000 01302nam a22002417a 4500
003 OSt
005 20241120151217.0
008 220829b ||||| |||| 00| 0 eng d
040 _cSSBUL
082 _223
_a၂၉၄.၃၈၂၄ တင်
_b၁၃၁၇၆(၂) S-SAT
100 0 _aတင်မွန်၊
_cမင်း၊ ဒေါက်တာ။
245 _aဗုဒ္ဓအဘိဓမ္မာ အနှစ်ချုပ် /
_cဒေါက်တာမင်းတင်မွန်။
250 _aတတိယအကြိမ်။
260 _aရန်ကုန် ၊
_bရတနာမင်းစာပေ၊
_c၁၉၉၃။
300 _a၂၉၃ စာမျက်နှာ ၊
300 _g၁၇ စင်တီ။
500 _aတက္ကသိုလ်များအထူးရက်တိုသင်တန်းသားများနှင့်အဘိဓမ္မာစာမေးပွဲဖြေဆိုလိုသူများအတွက်ရေးသားထားသောစာအုပ်ဖြစ်သည်။
500 _aS-SAT: Dr. Sai Aung Tun Collection
504 _aကျမ်းကိုးစာရင်းပါသည်။
650 _aအဘိဓမ္မာ
910 _aအဘိဓမ္မာ
942 _cBK1
_2ddc
999 _c7666
_d7666